[Event "Stay Safe Play From Home 140"]
[Site "T#645950Emanuel Laske"]
[Date "2020.05.11"]
[Round "1"]
[White "Onlyforchess"]
[Black "Edmatuag"]
[Result "1-0"]
[WhiteElo "2565"]
[BlackElo "1662"]
[Annotator "TA"]
[PlyCount "41"]
[EventDate "2020.05.11"]
[EventType "swiss (blitz)"]

{[%evp 10,41,50,18,17,20,62,0,404,401,410,404,410,397,468,471,660,621,814,809,874,745,29991,29992,29992,29993,29993,29992,29992,29993,29993,29994,29999,3465]} 1. e4 c6 2. d4 d5 3. exd5 cxd5 4. c4 Nc6 5. Nc3 dxc4 6. Nf3 e6 {B13: Caro-Kann: Exchange Variation and Panov-Botvinnik Attack.} 7. Bxc4 Bb4 {[#]} 8. d5 $146 (8. O-O $14) ({Predecessor:} 8. O-O Nf6 9. Bg5 O-O 10. Bb3 b6 11. Bc2 Bb7 12. Qd3 g6 13. Ne4 Be7 14. Bh6 Re8 15. Neg5 Nh5 16. Ne4 Nf6 17. Nc3 Qc7 {1-0 (36) Roesler,H (1619)-Kreismann,F (1589) Magdeburg 2019}) 8... Na5 $2 {[%mdl 8192]} (8... exd5 $11 9. Bxd5 Nge7) 9. Qa4+ $18 {[%mdl 64] [#] Double Attack} Bd7 10. Qxb4 Nxc4 11. Qxc4 Rc8 12. Qg4 g6 (12... h5 $142 13. Qxg7 Qf6) 13. Bg5 Qb6 14. O-O f6 15. dxe6 fxg5 16. exd7+ {White mates.} Kf7 17. dxc8=Q Nf6 18. Nxg5+ Kg7 19. Ne6+ Kf7 20. Qxh8 {[%csl Ge6][%cal Rh8f8]} Qxb2 21. Qg7+ {Black got outplayed after the opening} (21. Qf8# $142) 1-0

[Event "Stay Safe Play From Home 140"]
[Site "T#645950Emanuel Laske"]
[Date "2020.05.11"]
[Round "1"]
[White "Lamborghini"]
[Black "Muralikrishna"]
[Result "1-0"]
[WhiteElo "2255"]
[BlackElo "1812"]
[Annotator "RC"]
[PlyCount "87"]
[EventDate "2020.05.11"]
[EventType "swiss (blitz)"]

1. e4 {[%emt 0:00:01]} Nc6 {[%emt 0:00:00]} 2. Nf3 {[%emt 0:00:02]} d6 {[%emt 0:00:01]} 3. d4 {[%emt 0:00:01]} Nf6 {[%emt 0:00:01]} 4. Nc3 {[%emt 0:00:01]} Bg4 {[%emt 0:00:00]} 5. d5 {[%emt 0:00:01]} Nb8 {[%emt 0:00:02]} 6. h3 {[%emt 0:00:01]} Bd7 {[%emt 0:00:02]} 7. Be3 {[%emt 0:00:03]} e6 {[%emt 0:00:01]} 8. dxe6 {[%emt 0:00:01]} Bxe6 {[%emt 0:00:02]} 9. Nd4 {[%emt 0:00:01]} Bd7 {[%emt 0:00:02]} 10. Qd2 {[%emt 0:00:01]} Nc6 {[%emt 0:00:00]} 11. O-O-O {[%emt 0:00:01]} Be7 {[%emt 0:00:01]} 12. f4 {[%emt 0:00:01]} O-O {[%emt 0:00:03]} 13. g4 {[%emt 0:00:01]} Nxd4 {[%emt 0:00:02]} 14. Bxd4 {[%emt 0:00:01]} c6 {[%emt 0:00:01]} 15. Bg2 {[%emt 0:00:01]} Ne8 {[%emt 0:00:01]} 16. g5 {[%emt 0:00:01]} g6 {[%emt 0:00:02]} 17. h4 {[%emt 0:00:01]} f6 {[%emt 0:00:01]} 18. h5 {[%emt 0:00:01]} fxg5 {[%emt 0:00:01]} 19. hxg6 {[%emt 0:00:01]} gxf4 {[%emt 0:00:03]} 20. gxh7+ {[%emt 0:00:04]} Kf7 {[%emt 0:00:01]} 21. Qxf4+ {[%emt 0:00:01]} Nf6 {[%emt 0:00:01]} 22. e5 {[%emt 0:00:01]} dxe5 {[%emt 0:00:01]} 23. Bxe5 {[%emt 0:00:01]} Rh8 {[%emt 0:00:02]} 24. Bf3 {[%emt 0:00:01]} Ke8 {[%emt 0:00:03]} 25. Bxf6 {[%emt 0:00:02]} Bxf6 {[%emt 0:00:02]} 26. Bh5+ {[%emt 0:00:00]} Kf8 {[%emt 0:00:01]} 27. Rdf1 {[%emt 0:00:04]} Rxh7 {[%emt 0:00:01]} 28. Qxf6+ {[%emt 0:00:01]} Qxf6 {[%emt 0:00:00]} 29. Rxf6+ {[%emt 0:00:01]} Kg7 {[%emt 0:00:00]} 30. Rg6+ {[%emt 0:00:01]} Kh8 {[%emt 0:00:01]} 31. Bf3 {[%emt 0:00:00]} Rxh1+ {[%emt 0:00:02]} 32. Bxh1 {[%emt 0:00:02]} Rf8 {[%emt 0:00:00]} 33. Be4 {[%emt 0:00:01]} Rf4 {[%emt 0:00:01]} 34. Rd6 {[%emt 0:00:02]} Rf1+ {[%emt 0:00:01]} 35. Kd2 {[%emt 0:00:01]} Bg4 {[%emt 0:00:01]} 36. Ke3 {[%emt 0:00:00]} Re1+ {[%emt 0:00:01]} 37. Kf4 {[%emt 0:00:02]} Bd1 {[%emt 0:00:00]} 38. Rxd1 {[%emt 0:00:02]} Rf1+ {[%emt 0:00:00]} 39. Rxf1 {[%emt 0:00:02]} Kg7 {[%emt 0:00:00]} 40. Ke5 {[%emt 0:00:00]} Kh6 {[%emt 0:00:00]} 41. Rg1 {[%emt 0:00:02]} Kh5 {[%emt 0:00:01]} 42. Kf6 {[%emt 0:00:00]} Kh4 {[%emt 0:00:00]} 43. Bf5 {[%emt 0:00:00]} Kh5 {[%emt 0:00:01]} 44. Rh1# {[%emt 0:00:02] (Lag: Av=0.56s, max=1.5s)} 1-0

[Event "Stay Safe Play From Home 140"]
[Site "T#645950Emanuel Laske"]
[Date "2020.05.11"]
[Round "1"]
[White "Scorpio New"]
[Black "Pokerpapi"]
[Result "1-0"]
[WhiteElo "2176"]
[BlackElo "1480"]
[Annotator "TA"]
[PlyCount "59"]
[EventDate "2020.05.11"]
[EventType "swiss (blitz)"]

{[%evp 9,59,1,29,24,45,10,24,15,14,-12,40,-27,0,-33,-23,-127,-132,-126,-12,-14,24,19,35,29,41,26,62,45,51,48,63,32,39,40,71,68,522,528,857,864,1022,996,1108,1075,29988,29989,29993,3518,29993,29991,29990,29991]} 1. d3 e5 2. Nd2 d6 3. c3 ({Predecessor:} 3. e4 Nc6 4. Ngf3 g6 5. c3 Bg7 6. Be2 f5 7. exf5 gxf5 8. Qb3 Nf6 9. Nc4 {½-½ (52) Shepley,J (2114)-Fraser,J (1945) Telford 2005}) 3... Nc6 4. Qc2 h6 5. e4 Nf6 6. Ngf3 {A00: Irregular Openings.} Bg4 7. g3 (7. h3 $5 {[%cal Rh3g4]} Bd7 8. a3 $11) 7... a6 8. h3 {White has an edge.} Be6 9. Bg2 Be7 (9... d5 $1 $11) 10. h4 ({White must play} 10. d4 $14) 10... Qd7 11. O-O Bh3 12. Nh2 (12. d4 $11 {remains equal.}) 12... Bxg2 13. Kxg2 h5 ({Black should try} 13... g5 $17 14. Nhf3 g4) 14. Ndf3 Nh7 15. b4 Bf6 16. a4 {[%cal Ba2a4,Ba4b5][%mdl 32]} Nf8 17. Rb1 Ng6 18. b5 axb5 19. axb5 Na5 20. d4 b6 21. Rd1 Nc4 22. Qb3 Nf4+ $2 {[%mdl 8192] [#] Black cannot hold the game after this.} (22... Na5 $1 $14 23. Qd5 Qc8) 23. gxf4 $18 exf4 24. Qxc4 g5 25. e5 dxe5 26. dxe5 Be7 27. Rxd7 Kxd7 28. Qxf7 (28. Qc6+ $142 Kd8 29. Qxa8+ Kd7 30. Qc6+ Kc8 31. Ra1 Ba3 32. Rxa3 Kd8 33. Ra8+ Ke7 34. Ba3#) 28... Raf8 29. e6+ Kc8 30. Qxe7 {Accuracy: White = 57%, Black = 41%.} 1-0

[Event "Stay Safe Play From Home 140"]
[Site "T#645950Emanuel Laske"]
[Date "2020.05.11"]
[Round "1"]
[White "Lazieri3"]
[Black "Justwatch"]
[Result "1-0"]
[WhiteElo "2119"]
[BlackElo "1582"]
[Annotator "RC"]
[PlyCount "115"]
[EventDate "2020.05.11"]
[EventType "swiss (blitz)"]

1. e4 {[%emt 0:00:01]} Nf6 {[%emt 0:00:00]} 2. Nc3 {[%emt 0:00:01]} e5 {[%emt 0:00:01]} 3. Nf3 {[%emt 0:00:01]} d6 {[%emt 0:00:00]} 4. d4 {[%emt 0:00:01]} exd4 {[%emt 0:00:01]} 5. Nxd4 {[%emt 0:00:00]} Nc6 {[%emt 0:00:00]} 6. Nxc6 {[%emt 0:00:01]} bxc6 {[%emt 0:00:00]} 7. Bd3 {[%emt 0:00:00]} Bd7 {[%emt 0:00:01]} 8. O-O {[%emt 0:00:01]} Be7 {[%emt 0:00:00]} 9. h3 {[%emt 0:00:01]} O-O {[%emt 0:00:00]} 10. Bg5 {[%emt 0:00:00]} h6 {[%emt 0:00:01]} 11. Bh4 {[%emt 0:00:01]} Nh7 {[%emt 0:00:01]} 12. Bxe7 {[%emt 0:00:01]} Qxe7 {[%emt 0:00:00]} 13. f4 {[%emt 0:00:01]} Qf6 {[%emt 0:00:02]} 14. Rb1 {[%emt 0:00:02]} Qg6 {[%emt 0:00:02]} 15. e5 {[%emt 0:00:03]} Qe6 {[%emt 0:00:02]} 16. Bxh7+ {[%emt 0:00:04]} Kxh7 {[%emt 0:00:01]} 17. Qd3+ {[%emt 0:00:01]} Kg8 {[%emt 0:00:01]} 18. Rbe1 {[%emt 0:00:02]} d5 {[%emt 0:00:01]} 19. Ne2 {[%emt 0:00:02]} Qf5 {[%emt 0:00:01]} 20. Nd4 {[%emt 0:00:01]} Qxd3 {[%emt 0:00:01]} 21. cxd3 {[%emt 0:00:00]} c5 {[%emt 0:00:00]} 22. Nf3 {[%emt 0:00:02]} Bf5 {[%emt 0:00:01]} 23. d4 {[%emt 0:00:01]} c4 {[%emt 0:00:01]} 24. b3 {[%emt 0:00:01]} c6 {[%emt 0:00:01]} 25. bxc4 {[%emt 0:00:01]} dxc4 {[%emt 0:00:00]} 26. Rc1 {[%emt 0:00:01]} Bd3 {[%emt 0:00:01]} 27. Rfd1 {[%emt 0:00:01]} Rab8 {[%emt 0:00:03]} 28. Ne1 {[%emt 0:00:01]} Be2 {[%emt 0:00:01]} 29. Rd2 {[%emt 0:00:01]} Bh5 {[%emt 0:00:06]} 30. Rxc4 {[%emt 0:00:01]} Rb1 {[%emt 0:00:01]} 31. Kf2 {[%emt 0:00:01]} Rc8 {[%emt 0:00:03]} 32. Nf3 {[%emt 0:00:02]} Rb6 {[%emt 0:00:03]} 33. d5 {[%emt 0:00:01]} c5 {[%emt 0:00:01]} 34. d6 {[%emt 0:00:00]} Rd8 {[%emt 0:00:01]} 35. Rxc5 {[%emt 0:00:01]} Bxf3 {[%emt 0:00:00]} 36. Kxf3 {[%emt 0:00:01]} a5 {[%emt 0:00:02]} 37. Rxa5 {[%emt 0:00:01]} Rb4 {[%emt 0:00:01]} 38. g3 {[%emt 0:00:01]} Rc8 {[%emt 0:00:01]} 39. d7 {[%emt 0:00:01]} Rc3+ {[%emt 0:00:01]} 40. Kg2 {[%emt 0:00:01]} Rb1 {[%emt 0:00:00]} 41. d8=Q+ {[%emt 0:00:01]} Kh7 {[%emt 0:00:00]} 42. Qd3+ {[%emt 0:00:01]} Rxd3 {[%emt 0:00:03]} 43. Rxd3 {[%emt 0:00:00]} Rb7 {[%emt 0:00:01]} 44. Kf3 {[%emt 0:00:00]} h5 {[%emt 0:00:01]} 45. a4 {[%emt 0:00:00]} Rb1 {[%emt 0:00:01]} 46. Re3 {[%emt 0:00:01]} Rf1+ {[%emt 0:00:00]} 47. Ke4 {[%emt 0:00:00]} Rc1 {[%emt 0:00:00]} 48. h4 {[%emt 0:00:00]} Rc4+ {[%emt 0:00:00]} 49. Kf3 {[%emt 0:00:00]} Rc8 {[%emt 0:00:01]} 50. Ra7 {[%emt 0:00:00]} Rc1 {[%emt 0:00:01]} 51. e6 {[%emt 0:00:00]} Rf1+ {[%emt 0:00:00]} 52. Ke4 {[%emt 0:00:01]} fxe6 {[%emt 0:00:00]} 53. Ke5 {[%emt 0:00:01]} Rc1 {[%emt 0:00:00]} 54. Kxe6 {[%emt 0:00:01]} Rc5 {[%emt 0:00:00]} 55. Re5 {[%emt 0:00:01]} Rc6+ {[%emt 0:00:00]} 56. Kf5 {[%emt 0:00:01]} Rc8 {[%emt 0:00:00]} 57. Ke4 {[%emt 0:00:00]} Rg8 {[%emt 0:00:00]} 58. Rxh5+ {[%emt 0:00:00] Zaman} 1-0

[Event "Stay Safe Play From Home 140"]
[Site "T#645950Emanuel Laske"]
[Date "2020.05.11"]
[Round "1"]
[White "MartinKestler"]
[Black "Nagaram"]
[Result "1-0"]
[WhiteElo "1922"]
[BlackElo "1475"]
[Annotator "TA"]
[PlyCount "35"]
[EventDate "2020.05.11"]
[EventType "swiss (blitz)"]

{[%evp 9,35,47,48,21,29,28,58,27,79,70,134,66,440,476,751,751,1102,1056,1035,1007,1743,1731,1692,1692,3416,3223,2309,2232]} 1. Nf3 d5 2. b3 Nc6 3. Bb2 e6 4. e3 Bd6 5. d4 Nf6 6. Be2 {A06: Réti Opening: 1 Nf3 d5.} O-O 7. O-O Bd7 8. Nbd2 {White is slightly better.} Re8 (8... a5 $11 {remains equal.}) 9. c4 $16 {[#]} e5 $146 (9... Ne4 $14) ({Predecessor:} 9... b6 10. a3 e5 11. cxd5 Nxd5 12. Bc4 Nf6 13. d5 Na5 14. Be2 Nxd5 15. b4 Nc6 {½-½ (29) Recasens Recasens,J (1608)-Huerta Llorens,A (1555) L'Hospitalet Infant 2016}) 10. cxd5 ({White should play} 10. c5 $16) 10... exd4 $2 {[%mdl 8192] [#]} ({Better is} 10... Nxd5 $14 11. dxe5 Nxe5) 11. dxc6 $18 {White is clearly winning.} dxe3 (11... Bxc6 $142 12. Nxd4 Bd5) 12. cxd7 exd2 13. dxe8=Q+ Qxe8 14. Bxf6 Rd8 15. Bxd8 Qxd8 16. Qxd2 Bxh2+ 17. Kxh2 {[%cal Rd2d8] [#]} Qxd2 18. Nxd2 {Black got outplayed after the opening. Accuracy: White = 55%, Black =  8%.} 1-0

[Event "Stay Safe Play From Home 140"]
[Site "T#645950Emanuel Laske"]
[Date "2020.05.11"]
[Round "1"]
[White "Chesspugnator"]
[Black "SoulofWolf"]
[Result "0-1"]
[WhiteElo "1911"]
[BlackElo "2173"]
[Annotator "TA"]
[PlyCount "28"]
[EventDate "2020.05.11"]
[EventType "swiss (blitz)"]

{[%evp 17,28,25,28,-8,-16,-22,-19,-18,-14,-13,-12,-754,-744]} 1. e4 e5 2. Nf3 Nc6 3. Bb5 d6 4. d4 exd4 5. Nxd4 Bd7 6. Bxc6 bxc6 7. O-O Nf6 8. Nc3 Be7 9. Re1 O-O {[#]} 10. Nb3 $146 {C66: Ruy Lopez: Steinitz Defence.} ({Predecessor:} 10. Qd3 Re8 11. h3 c5 12. Nde2 Bc6 13. Ng3 a5 14. Nd5 Nxd5 15. exd5 Bd7 16. Bd2 Bf6 17. Rxe8+ Bxe8 18. Bc3 Bxc3 19. Qxc3 {½-½ (60) Dunlop,G (2578)-De Oliveira,J (2575) GER email 2016}) 10... Ng4 11. h3 Ne5 12. Bf4 Ng6 13. Bg3 Bf6 14. Qd4 $2 {[%mdl 8192] [#]} (14. Qd2 $11) 14... Bxd4 {White did not feel at home in the position after the opening.} 0-1

[Event "Stay Safe Play From Home 140"]
[Site "T#645950Emanuel Laske"]
[Date "2020.05.11"]
[Round "1"]
[White "Trotsky"]
[Black "Little champs"]
[Result "0-1"]
[WhiteElo "1646"]
[BlackElo "2143"]
[Annotator "TA"]
[PlyCount "46"]
[EventDate "2020.05.11"]
[EventType "swiss (blitz)"]

{[%evp 9,46,22,13,-17,16,-30,28,16,25,-53,-52,-140,0,-89,0,-207,-203,-504,-262,-280,-277,-258,-200,-536,-532,-600,-584,-902,-882,-1035,-1032,-1179,-1096,-1557,-680,-1538,-1537,-2512,-2368]} 1. d4 e6 2. e3 d5 3. c4 Nf6 4. Nc3 c6 5. Nf3 Bd6 6. c5 {D45: Semi-Slav: 5 e3.} Be7 7. Bd3 Nbd7 (7... b6 $142) 8. Qc2 {[#] White has an edge.} O-O $146 ({Predecessor:} 8... b6 9. cxb6 axb6 10. O-O O-O 11. Bd2 c5 12. Bb5 Ba6 13. b3 Qb8 14. h3 Rc8 {0-1 (44) Januseviciute,D (1793)-Zebelis,R (1917) Klaipeda 2012}) 9. Ng5 (9. b4 $11) 9... h6 10. h4 (10. Nf3 $15) 10... Qc7 (10... b6 $17 11. b4 a5 12. Bh7+ Kh8) 11. Bd2 (11. Bh7+ $11 {keeps the balance.} Kh8 12. Bg6) 11... e5 (11... Re8 $17) 12. dxe5 $2 {[#]} (12. Bh7+ $1 $11 {and White stays safe.} Kh8 13. Bd3) 12... Nxe5 $19 13. f3 $2 (13. Bh7+ {is tougher.} Kh8 14. Bd3) 13... Re8 14. Bh7+ Kf8 15. O-O-O Bxc5 {...Nc4 is the strong threat.} 16. f4 $2 {[#]} (16. Nce4 Be7 17. Nxf6 Bxf6 18. Bf5) 16... Nc4 {Black is clearly winning.} (16... hxg5 $2 17. fxe5 Qxe5 18. hxg5 $19) 17. Nxf7 Nxd2 18. Nxh6 Bxe3 19. Rxd2 Bxd2+ 20. Kb1 d4 21. Qg6 gxh6 22. Ne4 Qxh7 23. Qxf6+ Kg8 {Accuracy: White = 13%, Black = 46%.} 0-1

[Event "Stay Safe Play From Home 140"]
[Site "T#645950Emanuel Laske"]
[Date "2020.05.11"]
[Round "1"]
[White "matanant"]
[Black "Shatarchin7"]
[Result "0-1"]
[WhiteElo "1645"]
[BlackElo "2263"]
[Annotator "TA"]
[PlyCount "80"]
[EventDate "2020.05.11"]
[EventType "swiss (blitz)"]

{[%evp 12,80,25,8,34,1,31,23,42,41,41,35,27,31,38,2,17,25,27,35,29,24,81,72,94,0,0,0,0,-23,0,0,0,0,0,-477,0,0,0,-40,-4,-64,-8,-163,-158,-158,-168,-159,-104,-258,-239,-254,-249,-250,-250,-276,-250,-395,-256,-464,-235,-210,-209,-209,-209,-165,-167,-6270,-459,-29981,-29982]} 1. b3 c5 2. Bb2 d5 3. e3 Nf6 4. f4 Nc6 5. Nf3 Bg4 6. Bb5 e6 7. O-O Qb6 {A03: Bird's Opening with 1...d5.} 8. Qe2 {[#]} Bxf3 $146 (8... Be7 {is interesting.} 9. Bxc6+ Qxc6 10. d3 O-O 11. Nbd2 Nd7) ({Predecessor:} 8... Be7 9. Bxc6+ Qxc6 10. d3 O-O 11. Nbd2 b5 12. Rae1 a5 13. e4 Bxf3 14. Rxf3 d4 {0-1 (42) Paerr,M (2175)-Krauseneck,P (2103) Bayern 2005}) 9. Rxf3 a6 {White has an edge.} 10. Bxc6+ Qxc6 11. d3 Be7 12. Nd2 O-O 13. e4 dxe4 14. dxe4 Rad8 15. c4 b5 16. e5 Nd7 (16... Ng4 $11) 17. Ne4 $16 Nb6 18. Nd2 (18. Rg3 $16 {And now Nf6+ would win.} g6 19. Re1 bxc4 20. bxc4) 18... bxc4 19. Nxc4 Nxc4 20. Qxc4 Rd2 21. Bc3 Rd5 22. Rc1 Rfd8 23. Bb4 $2 {[%mdl 8192]} (23. h3 $11) 23... Qd7 $2 ({Better is} 23... Rd4 $19 24. Qc3 Rxb4) 24. Ba5 $11 Rc8 25. Qc3 g6 (25... Qb5 $5 {[%cal Rc5c4]}) 26. a3 (26. Qc4 $11) 26... Rb8 (26... Rd4 $15) 27. b4 $2 {[#]} (27. h3 $11) 27... cxb4 $1 $19 28. Bxb4 Bxb4 29. axb4 Qb7 (29... Rd4 $142 30. g3 Rdxb4) 30. Rb1 $2 {[#]} (30. Rf2 $17) 30... a5 $1 {[%mdl 512]} 31. b5 (31. bxa5 Qxb1+) 31... Rxb5 32. Rxb5 Qxb5 {[%mdl 4096] Endgame KQR-KQR} 33. Qa3 a4 34. Rf1 (34. h3 $142) 34... Qb3 35. Ra1 $2 (35. Qxb3 axb3 36. Rb1) 35... Qxa3 (35... Qb6+ $142 36. Kf1 Qd4) 36. Rxa3 Rb4 37. g3 h6 38. Kf2 g5 39. Kf3 $2 (39. fxg5 hxg5 40. Ra1) 39... Kg7 (39... Rb3+ $142 40. Rxb3 axb3 41. fxg5 hxg5) 40. h3 (40. Ke2 $19 gxf4 41. Ra1) 40... Rb3+ {Accuracy: White = 35%, Black = 53%.} 0-1

[Event "Stay Safe Play From Home 140"]
[Site "T#645950Emanuel Laske"]
[Date "2020.05.11"]
[Round "1"]
[White "Emresenar"]
[Black "Mepe_Nika"]
[Result "0-1"]
[WhiteElo "1625"]
[BlackElo "2405"]
[Annotator "TA"]
[PlyCount "96"]
[EventDate "2020.05.11"]
[EventType "swiss (blitz)"]

{[%evp 19,95,2,6,6,11,7,17,6,8,7,21,11,18,0,9,-8,14,-54,-55,-222,-225,-219,-188,-306,-302,-300,-302,-381,-293,-579,-564,-586,-472,-641,-612,-1029,-1028,-1638,-1833,-1768,-1052,-1936,-2028,-1930,-1964,-1670,-1254,-1871,-1714,-2076,-1819,-29983,-29985,-29985,-29985,-29986,-29987,-29987,-29988,-29990,-29991,-29991,-29992,-29993,-29993,-29995,-29995,-29995,-29995,-29995,-29995,-29996,-29996,-29997,-29998,-29998,-29999,-29999]} 1. e4 e5 2. Nf3 Nc6 3. Bb5 a6 4. Ba4 Nf6 5. O-O Be7 6. c3 Nxe4 7. Re1 Nc5 8. Bxc6 dxc6 9. Nxe5 O-O 10. d4 Nd7 11. Bf4 {C80: Open Ruy Lopez: Sidelines and 9 Nbd2.} Nxe5 12. Bxe5 Bd6 13. Nd2 {[#] The position is equal.} Re8 $146 ({Predecessor:} 13... Bxe5 14. dxe5 Bf5 15. Nb3 Qe7 16. Nd4 Bd7 17. f4 c5 18. Nf3 Rad8 19. Qc2 Qe6 {1-0 (57) Barbero Sendic,A (2176)-Sabria Batlle,P (2079) Catalunya 2008}) 14. Bxd6 cxd6 15. Rxe8+ Qxe8 16. Qe1 {[%cal Re1e8] [#]} Bf5 17. Qxe8+ Rxe8 $11 {[%mdl 4096] Endgame KRB-KRN} 18. f3 (18. Nc4 $11 Re6 19. Ne3) 18... Re2 $15 19. Ne4 $2 {Loses the game.} (19. Nc4 $1 $15) 19... Bxe4 $19 ({Weaker is} 19... Rxb2 20. Nxd6 Be6 21. a4 $15) 20. fxe4 Rxb2 {KR-KR} 21. e5 (21. a4 $142) 21... dxe5 22. dxe5 Kf8 23. Rd1 Ke7 24. h3 $2 (24. a4) 24... Rxa2 25. Kh2 b5 {[%cal Bb7b5,Bb5b4,Bb4b3,Bb3b2][%mdl 32]} 26. Kg3 Ra3 27. Rd3 {[#]} b4 $1 28. Rd6 (28. cxb4 Rxd3+) 28... Rxc3+ 29. Kf4 b3 {And now ...b2 would win.} 30. Rd1 b2 {White must now prevent ...Rc1.} 31. Rb1 Rc2 32. Ke4 a5 33. Kd3 Rxg2 34. Kc3 c5 35. Rxb2 Rxb2 {Black mates.} 36. Kxb2 {KP-KP} Ke6 37. Kc3 Kxe5 38. Kc4 a4 39. Kxc5 a3 40. Kb4 a2 41. h4 a1=Q 42. h5 Qc1 43. h6 gxh6 44. Kb3 Qc5 45. Ka2 Qb4 46. Ka1 Kd4 47. Ka2 Kc3 {[%csl Gc3][%cal Rb4b2]} 48. Ka1 Qb2# {Accuracy: White = 35%, Black = 91%.} 0-1

[Event "Stay Safe Play From Home 140"]
[Site "T#645950Emanuel Laske"]
[Date "2020.05.11"]
[Round "1"]
[White "UHU4"]
[Black "Patzeroglu"]
[Result "0-1"]
[WhiteElo "1535"]
[BlackElo "1818"]
[Annotator "NA RC"]
[PlyCount "50"]
[EventDate "2020.05.11"]
[EventType "swiss (blitz)"]

1. e4 {[%emt 0:00:02]} c5 {[%emt 0:00:01]} 2. Nf3 {[%emt 0:00:02]} Nf6 {[%emt 0:00:00]} 3. e5 {[%emt 0:00:02]} Nd5 {[%emt 0:00:01]} 4. c4 {[%emt 0:00:01]} Nb4 {[%emt 0:00:02]} 5. a3 {[%emt 0:00:02]} N4c6 {[%emt 0:00:01]} 6. Nc3 {[%emt 0:00:02]} d6 {[%emt 0:00:01]} 7. exd6 {[%emt 0:00:02]} e5 {[%emt 0:00:00]} 8. Ne4 {[%emt 0:00:08]} Bxd6 {[%emt 0:00:00]} 9. d3 {[%emt 0:00:02]} Na6 {[%emt 0:00:03]} 10. Be2 {[%emt 0:00:02]} Nc7 {[%emt 0:00:01]} 11. O-O {[%emt 0:00:02]} O-O {[%emt 0:00:01]} 12. Bg5 {[%emt 0:00:02]} f6 {[%emt 0:00:02]} 13. Be3 {[%emt 0:00:01]} b6 {[%emt 0:00:08]} 14. Rb1 {[%emt 0:00:03]} a5 {[%emt 0:00:01]} 15. b3 {[%emt 0:00:03]} h6 {[%emt 0:00:04]} 16. Qd2 {[%emt 0:00:03]} f5 {[%emt 0:00:01]} 17. Bxh6 {[%emt 0:00:04]} fxe4 {[%emt 0:00:05]} 18. dxe4 {[%emt 0:00:02]} Be7 {[%emt 0:00:04]} 19. Qc1 {[%emt 0:00:06]} Bg4 {[%emt 0:00:10]} 20. Be3 {[%emt 0:00:02]} Ne6 {[%emt 0:00:03]} 21. Rd1 {[%emt 0:00:01]} Ned4 {[%emt 0:00:02]} 22. Nxd4 {[%emt 0:00:01]} exd4 {[%emt 0:00:01]} 23. Bxg4 {[%emt 0:00:01]} dxe3 {[%emt 0:00:00]} 24. Be6+ {[%emt 0:00:02]} Kh7 {[%emt 0:00:02]} 25. Qxe3 {[%emt 0:00:01]} Qd6 {[%emt 0:00:02] Tiempo (Lag: Av=0.90s, max=1.6s) .} 0-1

[Event "Stay Safe Play From Home 140"]
[Site "T#645950Emanuel Laske"]
[Date "2020.05.11"]
[Round "2"]
[White "Mepe_Nika"]
[Black "Scorpio New"]
[Result "1-0"]
[WhiteElo "2405"]
[BlackElo "2177"]
[Annotator "TA"]
[PlyCount "65"]
[EventDate "2020.05.11"]
[EventType "swiss (blitz)"]

{[%evp 9,65,38,35,-92,36,45,45,40,54,46,127,82,121,125,146,161,556,550,595,599,1117,417,408,231,743,239,424,-44,307,81,239,245,214,-99,119,121,369,381,360,0,0,-450,245,0,241,-538,900,854,5918,1213,1133,1125,29992,29993,29997,29998,29998,29999]} 1. d4 d6 2. e4 c6 3. Nc3 g6 4. h4 h5 5. Nh3 Bg7 {[#]} 6. Bg5 $146 {B06: Modern Defence.} (6. Ng5 $14) ({Predecessor:} 6. Ng5 b5 7. Be3 f6 8. Nh3 Nh6 9. Nf4 Kf7 10. d5 b4 11. Bc4 c5 12. Nce2 Nd7 {0-1 (40) Bennemann,I (2008)-Carlstedt,J (1620) Playchess.com INT 2020}) 6... Bxh3 (6... Qb6 $17) 7. Rxh3 $14 Nd7 8. Qd2 {White is slightly better.} Qc7 9. O-O-O O-O-O (9... a6 $14) 10. Kb1 Re8 11. Bc4 e6 12. d5 $1 {[%mdl 64] Overworked Piece} cxd5 $2 (12... Nb6 {is tougher.}) 13. Nb5 $1 $18 {[%cal Rb5c7]} Qb6 14. exd5 a6 15. Be3 (15. dxe6 $142 axb5 16. exd7+ Kxd7 17. Rd3 $1 {[%mdl 512]}) 15... Nc5 16. Nc3 (16. Bxc5 $142 Qxc5 17. dxe6 axb5 18. exf7) 16... e5 $2 {[#]} (16... Nf6 17. Na4 Qc7) 17. f4 $2 (17. Na4 $1 {[%mdl 512]} Qc7 (17... Nxa4 18. Bxb6) 18. Bxc5) 17... exf4 $2 {[#]} (17... Nf6 {keeps fighting.}) 18. Bd4 $2 (18. Na4 $1 $18 {[%cal Ra4b6][%mdl 512]} Qc7 (18... Nxa4 19. Bxb6) 19. Bxc5) 18... Nf6 $2 {[%mdl 8192]} (18... Bxd4 $1 $15 {keeps the upper hand.} 19. Qxd4 Na4 $1 {[%mdl 512]}) 19. Na4 $2 (19. Qxf4 $18 {and the rest is easy.} Qd8 20. Rf3) 19... Qc7 $2 (19... Qd8 $16 {was worth a try.}) 20. Nxc5 dxc5 21. Bg1 $2 (21. Bxf6 $1 $18 Bxf6 22. d6) 21... b5 $2 (21... Ne4 $17 {keeps the pressure on.} 22. Qc1 Be5) 22. d6 $36 {[%mdl 2048] White is in control.} Qd7 $2 (22... Ne4 $16 {might work better.} 23. d7+ (23. dxc7 $2 {is the wrong capture.} Nxd2+ 24. Kc1 Nxc4 $19) (23. Qd5 Nxd6 24. Qa8+ Kd7 $11) 23... Kb8 24. dxe8=Q+ (24. dxe8=R+ Rxe8 25. Qd5 bxc4 $16) 24... Rxe8) 23. Qa5 $18 {aiming for Bxb5!} Qb7 {[#]} 24. Bd5 $2 (24. Bxf7 $1 $18 {[%mdl 512]} Re5 (24... Qxf7 25. d7+) 25. Rc3) 24... Nxd5 $11 {[#]} 25. Bxc5 $2 {[%mdl 8192]} (25. Rxd5 $1 $11 {[%mdl 512]} Kd7 (25... Qxd5 26. Qc7#) 26. Rhd3) 25... Rd8 $4 {[%mdl 8192] [#]} (25... Kd7 $19 26. Qd2 Bh6) 26. Rhd3 $2 ({White must play} 26. Rxd5 $1 $18 {[%mdl 512] Threatens to win with Rhd3.} Rd7 (26... Qxd5 27. Qc7#) 27. Rhd3) 26... Kb8 $2 (26... Nf6 $11 {and Black has nothing to worry.} 27. Bd4 Rxd6 28. Rc3+ Rc6) 27. d7 $4 {[%mdl 8192]} (27. Rxd5 $18 Rd7 28. Qe1) 27... Bf6 $4 {[%mdl 8192]} (27... Rxd7 $19 28. Bd4 Bxd4 29. Rxd4 Rhd8) 28. Rxd5 $18 Be5 29. Bd6+ (29. Rxe5 $142 f3 30. Bd6+ Ka8 31. Bc7 Rxd7 32. Rxd7 f2 33. Rxf7 f1=R+ 34. Rxf1) 29... Bxd6 30. Rxd6 {Rb6! would kill now.} Rxd7 31. Rxd7 {White mates.} Qxd7 32. Rxd7 Rc8 33. Qb6+ {Accuracy: White = 28%, Black = 12%.} 1-0